| 000 | 00649nam a2200193Ia 4500 | ||
|---|---|---|---|
| 008 | 151119s9999||||xx |||||||||||||| ||und|| | ||
| 082 | _a621 | ||
| 082 | _bGKKV13105 | ||
| 100 | _aनायक कृ मा | ||
| 245 | _aयंत्रावजारे आणि मापन शास्त्र | ||
| 260 | _a-- | ||
| 260 | _b-- | ||
| 260 | _c0 | ||
| 600 | _aनायक कृ मा | ||
| 630 | _aयंत्रावजारे आणि मापन शास्त्र | ||
| 700 | _aनायक कृ मा | ||
| 730 | _aयंत्रावजारे आणि मापन शास्त्र | ||
| 942 | _cBOOK | ||
| 999 |
_c1066807 _d1066804 |
||